Неоднородности деформации аддитивно полученной аустенитной нержавеющей стали 12Х18Н9Т; Перспективы развития фундаментальных наук; Т. 1 : Физика

Бібліографічні деталі
Parent link:Перспективы развития фундаментальных наук=Prospects of Fundamental Sciences Development: сборник научных трудов XVII Международной конференции студентов, аспирантов и молодых ученых, г. Томск, 21-24 апреля 2020 г./ Национальный исследовательский Томский политехнический университет (ТПУ) ; под ред. И. А. Курзиной, Г. А. Вороновой.— , 2020
Т. 1 : Физика.— 2020.— [С. 164-166]
Автор: Панфилов А. О.
Співавтор: Национальный исследовательский Томский политехнический университет
Інші автори: Княжев Е. О. (научный руководитель), Калашникова Т. А., Чумаевский А. В.
Резюме:Заглавие с экрана
The results of additive manufacturing of 12x18n9t steel samples using EBAM technology and their subsequent tensile tests are presented. Data obtained during tensile tests of steel samples with orientations along and across the printing direction are analyzed. Traces the manifestation of inhomogeneous deformation, presented in the form of journals.
Мова:Російська
Опубліковано: 2020
Предмети:
Онлайн доступ:http://earchive.tpu.ru/handle/11683/62554
Формат: Електронний ресурс Частина з книги
KOHA link:https://koha.lib.tpu.ru/cgi-bin/koha/opac-detail.pl?biblionumber=631529

MARC

LEADER 00000naa2a2200000 4500
001 631529
005 20231102024534.0
035 |a (RuTPU)RU\TPU\conf\33230 
035 |a RU\TPU\conf\33221 
090 |a 631529 
100 |a 20200907d2020 k y0rusy50 ca 
101 0 |a rus  |d eng 
102 |a RU 
105 |a y z 100zy 
135 |a drcn ---uucaa 
181 0 |a i  
182 0 |a b 
200 1 |a Неоднородности деформации аддитивно полученной аустенитной нержавеющей стали 12Х18Н9Т  |d Inhomogeneous deformation additive obtained austenitic stainless steel 12X18H9T  |f А. О. Панфилов, Е. О. Княжев, Т. А. Калашникова  |g науч. рук. А. В. Чумаевский 
203 |a Текст  |c электронный 
230 |a 1 компьютерный файл (pdf; 645 Kb) 
300 |a Заглавие с экрана 
320 |a [Библиогр.: с. 166 (8 назв.)] 
330 |a The results of additive manufacturing of 12x18n9t steel samples using EBAM technology and their subsequent tensile tests are presented. Data obtained during tensile tests of steel samples with orientations along and across the printing direction are analyzed. Traces the manifestation of inhomogeneous deformation, presented in the form of journals. 
338 |b ИФПМ СО РАН  |d III.23.2.11 
461 1 |0 (RuTPU)RU\TPU\conf\32968  |t Перспективы развития фундаментальных наук  |l Prospects of Fundamental Sciences Development  |o сборник научных трудов XVII Международной конференции студентов, аспирантов и молодых ученых, г. Томск, 21-24 апреля 2020 г.  |o в 7 т.  |f Национальный исследовательский Томский политехнический университет (ТПУ) ; под ред. И. А. Курзиной, Г. А. Вороновой  |d 2020 
463 1 |0 (RuTPU)RU\TPU\conf\32969  |t Т. 1 : Физика  |v [С. 164-166]  |d 2020 
510 1 |a Inhomogeneous deformation additive obtained austenitic stainless steel 12X18H9T  |z eng 
610 1 |a электронный ресурс 
610 1 |a труды учёных ТПУ 
610 1 |a неоднородности 
610 1 |a деформации 
610 1 |a аустенитные стали 
610 1 |a нержавеющие стали 
610 1 |a 12Х18Н9Т 
610 1 |a 3D-печать 
610 1 |a механические свойства 
610 1 |a прочность 
610 1 |a малоцикловая усталость 
700 1 |a Панфилов  |b А. О. 
701 1 |a Княжев  |b Е. О. 
701 1 |a Калашникова  |b Т. А. 
702 1 |a Чумаевский  |b А. В.  |4 727 
712 0 2 |a Национальный исследовательский Томский политехнический университет  |c (2009- )  |2 stltpush  |3 (RuTPU)RU\TPU\col\15902  |9 26305 
801 2 |a RU  |b 63413507  |c 20200923  |g RCR 
856 4 |u http://earchive.tpu.ru/handle/11683/62554 
942 |c BK